[Event "14th TCh-RUS w 2013"]
[Site "Loo RUS"]
[Date "2013.04.07"]
[Round "1"]
[White "Lagno, Kateryna"]
[Black "Ushenina, Anna"]
[Result "1/2-1/2"]
[WhiteElo "2550"]
[BlackElo "2488"]
[PlyCount "72"]
[EventDate "2013.04.07"]
[WhiteTeam "Belorechensk"]
[BlackTeam "Yugra"]

1. e4 c5 2. Ne2 d6 3. g3 Nf6 4. Bg2 Nc6 5. O-O g6 6. c3 Bg7 7. d4 Qb6 8. h3 O-O
9. d5 Na5 10. Na3 Bd7 11. Rb1 Rac8 12. g4 Qa6 13. b3 b5 14. Nc2 Nb7 15. a3 e6
16. Ng3 h6 17. f4 exd5 18. exd5 Rce8 19. Qf3 Nd8 20. Bd2 Qb6 21. Kh1 a5 22. Ne3
Qc7 23. g5 hxg5 24. fxg5 Nh7 25. Ng4 f5 26. gxf6 Nxf6 27. Qd3 Nxg4 28. hxg4 Nf7
29. Qxg6 Ne5 30. Qg5 Bxg4 31. Nh5 Bxh5 32. Qxh5 Rxf1+ 33. Rxf1 Rf8 34. Rxf8+
Kxf8 35. Qf5+ Qf7 36. Qc8+ Qe8 1/2-1/2

[Event "14th TCh-RUS w 2013"]
[Site "Loo RUS"]
[Date "2013.04.07"]
[Round "1"]
[White "Pogonina, Natalija"]
[Black "Gaponenko, Inna"]
[Result "1-0"]
[WhiteElo "2473"]
[BlackElo "2397"]
[PlyCount "127"]
[EventDate "2013.04.07"]
[WhiteTeam "Yugra"]
[BlackTeam "Belorechensk"]

1. e4 e6 2. d4 d5 3. Nd2 c5 4. exd5 Qxd5 5. dxc5 Nf6 6. Ngf3 Qxc5 7. Bd3 Be7 8.
O-O O-O 9. Qe2 Nbd7 10. Ne4 Qc7 11. Nxf6+ Nxf6 12. Ne5 b6 13. Bf4 Bd6 14. Rfe1
Bb7 15. Bg3 Rad8 16. Rad1 Kh8 17. a3 h6 18. Rd2 Nd7 19. Nxd7 Rxd7 20. Bb5 Rdd8
21. Bxd6 Rxd6 22. Rxd6 Qxd6 23. Rd1 Qc7 24. Qd2 a6 25. Bf1 b5 26. b3 Bd5 27. c4
bxc4 28. bxc4 Bb7 29. Qb4 Rc8 30. h3 a5 31. Qb5 Bc6 32. Qc5 Ba4 33. Qxc7 Rxc7
34. Rb1 g5 35. f3 Kg7 36. Kf2 f5 37. Ke3 e5 38. Bd3 Kf6 39. Rb6+ Rc6 40. Rb7
Rc5 41. Rb6+ Bc6 42. Kd2 Ke7 43. Kc3 e4 44. Be2 exf3 45. Bxf3 Bxf3 46. gxf3 Re5
47. Kd4 Re1 48. Rxh6 Ra1 49. h4 gxh4 50. Rxh4 Rxa3 51. f4 a4 52. Rh7+ Ke6 53.
Rh6+ Ke7 54. Ra6 Ra1 55. Ke5 a3 56. Ra7+ Kd8 57. Kxf5 a2 58. c5 Ke8 59. Kf6 Rf1
60. Rxa2 Rxf4+ 61. Ke5 Rf1 62. Kd6 Rf6+ 63. Kc7 Rf7+ 64. Kc8 1-0

[Event "14th TCh-RUS w 2013"]
[Site "Loo RUS"]
[Date "2013.04.07"]
[Round "1"]
[White "Kashlinskaya, Alina"]
[Black "Kovanova, Baira"]
[Result "1/2-1/2"]
[WhiteElo "2305"]
[BlackElo "2377"]
[PlyCount "82"]
[EventDate "2013.04.07"]
[WhiteTeam "Belorechensk"]
[BlackTeam "Yugra"]

1. e4 e5 2. Nf3 Nc6 3. Nc3 Nf6 4. d4 exd4 5. Nxd4 Bb4 6. Nxc6 bxc6 7. Bd3 O-O
8. O-O d5 9. exd5 cxd5 10. h3 c6 11. Qf3 Re8 12. Bf4 Bd6 13. Rfe1 Rxe1+ 14.
Rxe1 Rb8 15. Bg5 Bd7 16. Ne2 Rxb2 17. Nd4 h6 18. Bh4 c5 19. Nf5 c4 20. Nxh6+
Kf8 21. Bf5 Bc6 22. Ng4 Qa5 23. Qe2 Ne4 24. Bxe4 dxe4 25. Rd1 Qb4 26. a3 Qc5
27. Ne3 c3 28. Qg4 g6 29. Bf6 Bc7 30. Bd4 Qa5 31. Qc8+ Be8 32. Nc4 Qh5 33. Re1
Qe2 34. Bc5+ Kg7 35. Rf1 Qxc4 36. Qxc7 Qd5 37. Qe7 Bc6 38. Qf8+ Kh7 39. Be3
Rxc2 40. Bh6 Qd4 41. Bg5 Bb5 1/2-1/2

[Event "14th TCh-RUS w 2013"]
[Site "Loo RUS"]
[Date "2013.04.07"]
[Round "1"]
[White "Shadrina, Tatiana"]
[Black "Baraeva, Marina"]
[Result "1-0"]
[WhiteElo "2372"]
[BlackElo "2176"]
[PlyCount "77"]
[EventDate "2013.04.07"]
[WhiteTeam "Yugra"]
[BlackTeam "Belorechensk"]

1. e4 e6 2. d4 d5 3. Nc3 Nf6 4. Bg5 Be7 5. e5 Nfd7 6. h4 Nc6 7. Qd2 Nb6 8. Nf3
Bd7 9. b3 a5 10. Be2 a4 11. O-O O-O 12. Rfe1 f6 13. exf6 Bxf6 14. Bd3 axb3 15.
cxb3 h6 16. Bxf6 Qxf6 17. Nb5 Rac8 18. Re3 Ne7 19. Rae1 Nf5 20. Bxf5 exf5 21.
Qb4 f4 22. Rc3 Bxb5 23. Qxb5 Qd8 24. Rc2 Rb8 25. Rce2 c6 26. Qd3 Nc8 27. Re6
Nd6 28. Rxh6 Nf5 29. Rh5 Qd7 30. Re5 Nh6 31. Re1 Nf5 32. Rg5 Rf6 33. h5 Rbf8
34. Rg6 Qd8 35. Re6 Rxe6 36. Rxe6 Qa5 37. Qe2 Qc3 38. Re8 Kf7 39. Qe6# 1-0

[Event "14th TCh-RUS w 2013"]
[Site "Loo RUS"]
[Date "2013.04.07"]
[Round "1"]
[White "Iljushina, Olga"]
[Black "Atalik, Ekaterina"]
[Result "1/2-1/2"]
[WhiteElo "2325"]
[BlackElo "2455"]
[PlyCount "84"]
[EventDate "2013.04.07"]
[WhiteTeam "Economist Saratov"]
[BlackTeam "Ladya Kazan"]

1. e4 e5 2. Nf3 Nc6 3. Nc3 Nf6 4. d4 exd4 5. Nxd4 Bb4 6. Nxc6 bxc6 7. Bd3 d5 8.
exd5 cxd5 9. O-O O-O 10. Bg5 c6 11. Qf3 Bd6 12. Rae1 Rb8 13. Nd1 Be6 14. b3 Re8
15. Ne3 h6 16. Bxf6 Qxf6 17. Qxf6 gxf6 18. Nf5 Bxf5 19. Bxf5 Bb4 20. Rd1 Rbd8
21. Rd4 Bc5 22. Rg4+ Kf8 23. Rh4 Re5 24. Bd3 Kg7 25. Rg4+ Rg5 26. Ra4 Bb6 27.
Re1 Re5 28. Rg4+ Kf8 29. Kf1 Rde8 30. Re2 Rxe2 31. Bxe2 Re4 32. Rxe4 dxe4 33.
Bg4 Ke7 34. Bf5 e3 35. fxe3 Bxe3 36. Ke2 Bg1 37. h3 Kd6 38. Kd3 Bf2 39. b4 h5
40. Bh7 h4 41. Bg8 Be1 42. Kc4 Bd2 1/2-1/2

[Event "14th TCh-RUS w 2013"]
[Site "Loo RUS"]
[Date "2013.04.07"]
[Round "1"]
[White "Zaiatz, Elena"]
[Black "Tarasova, Viktoriya"]
[Result "1-0"]
[WhiteElo "2430"]
[BlackElo "2298"]
[PlyCount "51"]
[EventDate "2013.04.07"]
[WhiteTeam "Ladya Kazan"]
[BlackTeam "Economist Saratov"]

1. d4 d5 2. c4 c6 3. Nf3 Nf6 4. Nc3 dxc4 5. a4 Bf5 6. Nh4 e6 7. Nxf5 exf5 8. e3
Bb4 9. Bxc4 O-O 10. Qc2 g6 11. O-O Nbd7 12. f3 Rc8 13. Kh1 c5 14. Ba2 Qe7 15.
Bd2 a5 16. Rae1 Nb6 17. dxc5 Qxc5 18. e4 fxe4 19. Bh6 Rfe8 20. fxe4 Qe5 21. Qf2
Nbd7 22. Qh4 Bf8 23. Bf4 Qh5 24. Bg5 Qxh4 25. Bxh4 Bg7 26. e5 1-0

[Event "14th TCh-RUS w 2013"]
[Site "Loo RUS"]
[Date "2013.04.07"]
[Round "1"]
[White "Rjanova, Valery"]
[Black "Chistiakova, Tamara"]
[Result "1-0"]
[WhiteElo "2170"]
[BlackElo "2343"]
[PlyCount "81"]
[EventDate "2013.04.07"]
[WhiteTeam "Economist Saratov"]
[BlackTeam "Ladya Kazan"]

1. e4 c5 2. Nf3 Nc6 3. Bb5 g6 4. Bxc6 dxc6 5. d3 Bg7 6. h3 Nf6 7. Nc3 O-O 8.
Be3 b6 9. Qd2 Re8 10. O-O e5 11. Nh2 Be6 12. b3 Qd6 13. Ne2 a5 14. f4 exf4 15.
Bxf4 Qd7 16. Rad1 Nh5 17. Bg5 Be5 18. Nf3 Bh8 19. g4 Ng7 20. Bf6 Bxg4 21. hxg4
Qxg4+ 22. Kf2 Qe6 23. Qg5 h6 24. Qxh6 Qxf6 25. Rh1 Ne6 26. Qh7+ Kf8 27. Qxh8+
Ke7 28. Qxf6+ Kxf6 29. Rh7 a4 30. Nc3 axb3 31. e5+ Ke7 32. axb3 b5 33. Ke3 c4
34. bxc4 bxc4 35. Rb1 Ra7 36. d4 Rd8 37. Ne4 Nc7 38. Nfg5 Ra3+ 39. Ke2 Nb5 40.
Rxf7+ Ke8 41. Nf6# 1-0

[Event "14th TCh-RUS w 2013"]
[Site "Loo RUS"]
[Date "2013.04.07"]
[Round "1"]
[White "Ambartsumova, Karina"]
[Black "Tomnikova, Lidia"]
[Result "0-1"]
[WhiteElo "2306"]
[BlackElo "2173"]
[PlyCount "116"]
[EventDate "2013.04.07"]
[WhiteTeam "Ladya Kazan"]
[BlackTeam "Economist Saratov"]

1. e4 e5 2. Nf3 Nc6 3. Bb5 a6 4. Ba4 Nf6 5. O-O b5 6. Bb3 Be7 7. Re1 O-O 8. h3
d6 9. c3 Na5 10. Bc2 c5 11. d4 Qc7 12. Nbd2 cxd4 13. cxd4 Nc6 14. Nb3 a5 15.
Be3 a4 16. Nbd2 Bd7 17. Rc1 Rfc8 18. Bd3 Qb7 19. Qe2 Bd8 20. Bxb5 Nxd4 21. Nxd4
Rxc1 22. Rxc1 exd4 23. Bxd7 dxe3 24. Bc6 exf2+ 25. Qxf2 Qc7 26. Rc2 Ra6 27.
Bxa4 Qb8 28. Qf5 Rxa4 29. Rc8 Qb6+ 30. Qf2 Ne8 31. Nc4 Qxf2+ 32. Kxf2 Kf8 33.
a3 Ke7 34. b3 Ra7 35. Rb8 Kd7 36. Rb5 Nc7 37. Rf5 f6 38. Rf3 d5 39. Rd3 Kc6 40.
Ne3 Rxa3 41. exd5+ Kd7 42. h4 Nb5 43. Kg3 Nd6 44. h5 Bb6 45. Ng4 Ne4+ 46. Kf4
Nc5 47. Rc3 Ke7 48. Ne3 Rxb3 49. Nf5+ Kf7 50. Nd6+ Kf8 51. Rxb3 Nxb3 52. Ne4
Nc5 53. Nc3 Nd7 54. Nb5 Bc5 55. Kf5 Kf7 56. Nc3 Nb6 57. Ne4 g6+ 58. hxg6+ hxg6+
0-1

[Event "14th TCh-RUS w 2013"]
[Site "Loo RUS"]
[Date "2013.04.07"]
[Round "1"]
[White "Gunina, Valentina"]
[Black "Bodnaruk, Anastasia"]
[Result "1/2-1/2"]
[WhiteElo "2510"]
[BlackElo "2443"]
[PlyCount "81"]
[EventDate "2013.04.07"]
[WhiteTeam "SHSM Nashe Nasledie Moskow"]
[BlackTeam "M.Chigorin Chess Club"]

1. d4 Nf6 2. c4 e6 3. Nf3 b6 4. g3 Bb7 5. Bg2 Bb4+ 6. Bd2 a5 7. O-O O-O 8. Bf4
Be7 9. Nc3 Ne4 10. Na4 d6 11. Nd2 Nxd2 12. Bxb7 Ra7 13. Qxd2 Rxb7 14. e4 Nd7
15. Rad1 c6 16. d5 cxd5 17. cxd5 e5 18. Be3 Nc5 19. Nc3 Qd7 20. Rb1 a4 21. b4
axb3 22. axb3 b5 23. b4 Na4 24. Rfc1 Nb6 25. Bxb6 Rxb6 26. Ra1 Rc8 27. Ne2 Rbb8
28. Rxc8+ Rxc8 29. Rc1 Ra8 30. Qd3 g6 31. Kg2 Kg7 32. Rc6 Qb7 33. Qc2 Qb8 34.
Rc7 Bd8 35. Rd7 Ra6 36. Qc3 Kf8 37. Qf3 Be7 38. Qc3 Bd8 39. Qf3 Be7 40. Qc3 Bd8
41. Qf3 1/2-1/2

[Event "14th TCh-RUS w 2013"]
[Site "Loo RUS"]
[Date "2013.04.07"]
[Round "1"]
[White "Mammadova, Gulnar"]
[Black "Girya, Olga"]
[Result "1-0"]
[WhiteElo "2322"]
[BlackElo "2464"]
[PlyCount "125"]
[EventDate "2013.04.07"]
[WhiteTeam "M.Chigorin Chess Club"]
[BlackTeam "SHSM Nashe Nasledie Moskow"]

1. e4 c5 2. Nf3 e6 3. b3 a6 4. Bb2 Nc6 5. c4 Qc7 6. Nc3 Nf6 7. g3 Rb8 8. Bg2 b5
9. d3 Be7 10. O-O d6 11. Qd2 O-O 12. h3 Rd8 13. Rfe1 Nd7 14. Ne2 Bf6 15. cxb5
axb5 16. d4 Bb7 17. Rac1 Qb6 18. Qe3 Qa7 19. a3 Ra8 20. Rc2 e5 21. d5 Nd4 22.
Rcc1 Rf8 23. h4 Bd8 24. Bh3 Nf6 25. b4 Qa4 26. Nexd4 exd4 27. Qf4 Qb3 28. Rb1
Nh5 29. Qg4 g6 30. Nd2 Qa4 31. Qe2 cxb4 32. axb4 Bb6 33. Nf3 Nxg3 34. Qd2 Qb3
35. Nxd4 Nxe4 36. Nxb3 Nxd2 37. Nxd2 Bxd5 38. Ne4 Bxe4 39. Rxe4 d5 40. Re5 Ra4
41. Bc1 Rfa8 42. Bf1 Ra2 43. Re2 Rxe2 44. Bxe2 Ra2 45. Bb2 Ra4 46. Bf6 Ra6 47.
Be5 Ra2 48. Kf1 Kf8 49. Rd1 Bd8 50. Bd6+ Kg7 51. h5 gxh5 52. Bxh5 Bb6 53. Be2
d4 54. Be5+ Kg6 55. Bxd4 Bxd4 56. Rxd4 Rb2 57. Bxb5 h5 58. Be2 Kg5 59. b5 f5
60. f4+ Kh4 61. Kf2 Rb3 62. Rd5 Kh3 63. Rd3+ 1-0

[Event "14th TCh-RUS w 2013"]
[Site "Loo RUS"]
[Date "2013.04.07"]
[Round "1"]
[White "Kovalevskaya, Ekaterina"]
[Black "Bronnikova, Elizaveta"]
[Result "1-0"]
[WhiteElo "2411"]
[BlackElo "2245"]
[PlyCount "65"]
[EventDate "2013.04.07"]
[WhiteTeam "SHSM Nashe Nasledie Moskow"]
[BlackTeam "M.Chigorin Chess Club"]

1. Nf3 Nf6 2. g3 g6 3. Bg2 Bg7 4. O-O O-O 5. d4 d6 6. Re1 Nc6 7. d5 Na5 8. e4
Bg4 9. h3 Bxf3 10. Qxf3 c5 11. Nc3 Nd7 12. Qe2 a6 13. a4 Qc7 14. Bd2 c4 15. Kh2
Rab8 16. Ra2 b6 17. Nd1 Nb7 18. Bc3 b5 19. Bxg7 Kxg7 20. Ne3 Nbc5 21. axb5 axb5
22. Rea1 Nb6 23. b3 cxb3 24. cxb3 Kg8 25. Ra7 Qd8 26. b4 Nb3 27. Rb1 Nc8 28.
Ra6 Nd4 29. Qb2 e5 30. dxe6 Nxe6 31. Rd1 Qg5 32. Ng4 f6 33. Qb3 1-0

[Event "14th TCh-RUS w 2013"]
[Site "Loo RUS"]
[Date "2013.04.07"]
[Round "1"]
[White "Ivkina, Olga"]
[Black "Savina, Anastasia"]
[Result "1/2-1/2"]
[WhiteElo "2269"]
[BlackElo "2372"]
[PlyCount "134"]
[EventDate "2013.04.07"]
[WhiteTeam "M.Chigorin Chess Club"]
[BlackTeam "SHSM Nashe Nasledie Moskow"]

1. d4 Nf6 2. c4 g6 3. Nc3 Bg7 4. Nf3 O-O 5. e4 d6 6. h3 e5 7. dxe5 dxe5 8. Qxd8
Rxd8 9. Bg5 Re8 10. Nd5 Nxd5 11. cxd5 c6 12. Bc4 cxd5 13. Bxd5 Nc6 14. O-O-O
Nb4 15. Bb3 Be6 16. Bxe6 Rxe6 17. Kb1 Nc6 18. Rd7 Rb8 19. g4 a6 20. Rc1 Kf8 21.
Rc5 Ke8 22. Rcd5 h6 23. Bh4 g5 24. Bg3 Ne7 25. Rd1 Ng6 26. Rc7 Re7 27. Rxe7+
Kxe7 28. Nd4 Bf8 29. Rc1 Kd7 30. Nf5 Rc8 31. Rd1+ Ke6 32. h4 gxh4 33. Bxh4 Nxh4
34. Nxh4 Be7 35. Nf5 Rh8 36. Rd5 f6 37. Ng7+ Kf7 38. Rd7 Kxg7 39. Rxe7+ Kg6 40.
Rxb7 h5 41. gxh5+ Rxh5 42. Rb3 Rh4 43. Rg3+ Kh5 44. Re3 Kg4 45. Kc2 Rh2 46. Re2
Kf3 47. Kd2 Rh8 48. Re3+ Kxf2 49. Ra3 f5 50. exf5 e4 51. Rxa6 e3+ 52. Kd3 Rd8+
53. Kc4 Rf8 54. Re6 Rxf5 55. b4 e2 56. Rxe2+ Kxe2 57. a4 Rf4+ 58. Kc5 Kd3 59.
a5 Rf5+ 60. Kb6 Kc4 61. a6 Rf6+ 62. Ka5 Rf5+ 63. Kb6 Kxb4 64. a7 Rf6+ 65. Kb7
Rf7+ 66. Kb8 Rf8+ 67. Kb7 Kb5 1/2-1/2

[Event "14th TCh-RUS w 2013"]
[Site "Loo RUS"]
[Date "2013.04.08"]
[Round "2"]
[White "Bodnaruk, Anastasia"]
[Black "Ushenina, Anna"]
[Result "1/2-1/2"]
[WhiteElo "2443"]
[BlackElo "2488"]
[PlyCount "117"]
[EventDate "2013.04.07"]
[WhiteTeam "M.Chigorin Chess Club"]
[BlackTeam "Yugra"]

1. e4 c5 2. Nf3 d6 3. d4 cxd4 4. Nxd4 Nf6 5. Nc3 a6 6. h3 Nc6 7. g4 Nxd4 8.
Qxd4 e5 9. Qd3 Be6 10. Bg2 Be7 11. O-O Rc8 12. b3 Qc7 13. Bd2 h6 14. Rac1 O-O
15. Nd5 Nxd5 16. exd5 Bd7 17. Be4 Bg5 18. f4 exf4 19. c4 b5 20. Bxf4 bxc4 21.
bxc4 Qc5+ 22. Kg2 Rce8 23. Rc2 Bxf4 24. Rxf4 Re5 25. Rcf2 f6 26. Re2 Kh8 27.
Bg6 Be8 28. Bf5 Bf7 29. Rxe5 fxe5 30. Rf1 Bg8 31. h4 Qa5 32. Rf2 Qe1 33. Qe2
Qxe2 34. Rxe2 h5 35. Rb2 hxg4 36. Bxg4 Bh7 37. Rb6 Bd3 38. Rxa6 Bxc4 39. Rxd6
Bxa2 40. Rd7 Kg8 41. Kg3 e4 42. d6 Bd5 43. Rc7 Rd8 44. d7 Kf7 45. Rc8 Ke7 46.
Kf4 Bb3 47. Kxe4 Ba4 48. Ke5 Bxd7 49. Rc7 Ke8 50. Bf3 Kf8 51. Bd5 Be8 52. Rc2
Bf7 53. Bf3 Re8+ 54. Kf4 Rb8 55. Rc7 Rb4+ 56. Kg5 Rb5+ 57. Kf4 Rb4+ 58. Kg5
Rb5+ 59. Kf4 1/2-1/2

[Event "14th TCh-RUS w 2013"]
[Site "Loo RUS"]
[Date "2013.04.08"]
[Round "2"]
[White "Bronnikova, Elizaveta"]
[Black "Romanko, Marina"]
[Result "1/2-1/2"]
[WhiteElo "2245"]
[BlackElo "2367"]
[PlyCount "96"]
[EventDate "2013.04.07"]
[WhiteTeam "M.Chigorin Chess Club"]
[BlackTeam "Yugra"]

1. e4 c6 2. d4 d5 3. Nc3 dxe4 4. Nxe4 Bf5 5. Ng3 Bg6 6. h4 h6 7. Nf3 Nd7 8. Bd3
Bxd3 9. Qxd3 e6 10. Bd2 Ngf6 11. O-O-O Qc7 12. Qe2 O-O-O 13. Ne5 Nxe5 14. dxe5
Nd5 15. Kb1 Be7 16. f4 c5 17. c4 Nb6 18. Ne4 Rd4 19. Bc3 Rxd1+ 20. Rxd1 Rd8 21.
Rxd8+ Qxd8 22. b3 h5 23. Kc2 g6 24. Qe3 Qc7 25. g3 Nd7 26. Nf2 Qc6 27. Qe4 Kc7
28. Ba5+ b6 29. Bc3 Nb8 30. a3 a6 31. a4 Nd7 32. Qxc6+ Kxc6 33. Kd3 Nb8 34. Ne4
Nd7 35. Ke3 Nb8 36. Nd2 Kd7 37. Ne4 Nc6 38. Kd3 Nb8 39. Ke3 Kc6 40. Kf3 Nd7 41.
g4 hxg4+ 42. Kxg4 b5 43. axb5+ axb5 44. Ba5 f5+ 45. exf6 Nxf6+ 46. Nxf6 Bxf6
47. h5 gxh5+ 48. Kxh5 Bd4 1/2-1/2

[Event "14th TCh-RUS w 2013"]
[Site "Loo RUS"]
[Date "2013.04.08"]
[Round "2"]
[White "Shadrina, Tatiana"]
[Black "Ivkina, Olga"]
[Result "1-0"]
[WhiteElo "2372"]
[BlackElo "2269"]
[PlyCount "45"]
[EventDate "2013.04.07"]
[WhiteTeam "Yugra"]
[BlackTeam "M.Chigorin Chess Club"]

1. e4 e5 2. Nf3 Nc6 3. d4 exd4 4. Nxd4 Bc5 5. Be3 Qf6 6. c3 Bb6 7. g3 d6 8. Bg2
Bd7 9. O-O Nge7 10. a4 Nxd4 11. cxd4 c5 12. e5 dxe5 13. dxe5 Qxe5 14. a5 Qxb2
15. Nd2 Bc7 16. Rb1 Qa2 17. Rxb7 Rc8 18. Bxc5 Qxa5 19. Ne4 Qa4 20. Nd6+ Bxd6
21. Qxd6 Nf5 22. Re1+ Kd8 23. Bb6+ 1-0

[Event "14th TCh-RUS w 2013"]
[Site "Loo RUS"]
[Date "2013.04.08"]
[Round "2"]
[White "Atalik, Ekaterina"]
[Black "Lagno, Kateryna"]
[Result "1/2-1/2"]
[WhiteElo "2455"]
[BlackElo "2550"]
[PlyCount "80"]
[EventDate "2013.04.07"]
[WhiteTeam "Ladya Kazan"]
[BlackTeam "Belorechensk"]

1. d4 Nf6 2. c4 g6 3. Nc3 d5 4. Nf3 Bg7 5. Qb3 dxc4 6. Qxc4 O-O 7. e4 Be6 8.
Qe2 c6 9. Qc2 Bg4 10. Be3 Nbd7 11. Be2 Bxf3 12. gxf3 e5 13. dxe5 Nxe5 14. Rg1
b5 15. Rd1 Qc8 16. f4 Nc4 17. e5 Nd5 18. Nxd5 cxd5 19. Rxd5 Qh3 20. Bxc4 Qxh2
21. Rf1 bxc4 22. Qxc4 Qh3 23. Qe4 Rad8 24. Rxd8 Rxd8 25. Ke2 Qe6 26. Rc1 Qxa2
27. Qb7 Qe6 28. Qxa7 h5 29. Qb7 Bh6 30. Qe4 Qb3 31. Kf3 Qe6 32. Ke2 Qg4+ 33.
Qf3 Qf5 34. Kf1 Rb8 35. Kg2 Rxb2 36. Rc6 Bg7 37. Qh3 Qe4+ 38. Qf3 Qf5 39. Qh3
Qe4+ 40. Qf3 Qf5 1/2-1/2

[Event "14th TCh-RUS w 2013"]
[Site "Loo RUS"]
[Date "2013.04.08"]
[Round "2"]
[White "Gaponenko, Inna"]
[Black "Zaiatz, Elena"]
[Result "1/2-1/2"]
[WhiteElo "2397"]
[BlackElo "2430"]
[PlyCount "73"]
[EventDate "2013.04.07"]
[WhiteTeam "Belorechensk"]
[BlackTeam "Ladya Kazan"]

1. e4 e5 2. Nf3 Nc6 3. Nc3 Nf6 4. d4 exd4 5. Nxd4 Bb4 6. Nxc6 bxc6 7. Bd3 d5 8.
exd5 cxd5 9. O-O O-O 10. h3 Rb8 11. Qf3 Bd6 12. Nb5 Bc5 13. Bf4 Rb7 14. a3 a5
15. Rab1 Bd7 16. b4 axb4 17. axb4 Be7 18. Nc3 Be6 19. b5 Ra7 20. Ne2 Bc5 21.
Be5 Nd7 22. Bd4 Ra4 23. c3 Bd6 24. Bc2 Ra3 25. Qd3 Qh4 26. Ng3 g6 27. Rfe1 Rfa8
28. Qf3 Qf4 29. Qxf4 Bxf4 30. Nf1 Bd6 31. Ne3 Nc5 32. Ng4 h5 33. Nf6+ Kf8 34.
Nh7+ Kg8 35. Nf6+ Kf8 36. Nh7+ Kg8 37. Nf6+ 1/2-1/2

[Event "14th TCh-RUS w 2013"]
[Site "Loo RUS"]
[Date "2013.04.08"]
[Round "2"]
[White "Chistiakova, Tamara"]
[Black "Kashlinskaya, Alina"]
[Result "0-1"]
[WhiteElo "2343"]
[BlackElo "2305"]
[PlyCount "156"]
[EventDate "2013.04.07"]
[WhiteTeam "Ladya Kazan"]
[BlackTeam "Belorechensk"]

1. d4 Nf6 2. c4 g6 3. Nc3 Bg7 4. e4 d6 5. Be2 O-O 6. Bg5 h6 7. Be3 e5 8. d5 Na6
9. Qd2 Kh7 10. f3 c6 11. g4 cxd5 12. cxd5 Bd7 13. h4 Ng8 14. Nh3 Qxh4+ 15. Nf2
Qe7 16. g5 h5 17. O-O-O Nc5 18. Bxc5 dxc5 19. d6 Qd8 20. Nd5 f6 21. f4 fxg5 22.
f5 Bh6 23. Qc3 g4+ 24. Kb1 Qg5 25. Nc7 Rad8 26. Qxe5 gxf5 27. Qxc5 Qe3 28. Qxe3
Bxe3 29. e5 Bxf2 30. e6 Bc6 31. e7 Bxh1 32. Rxh1 Bb6 33. Ne6 Rfe8 34. Rxh5+ Nh6
35. exd8=Q Bxd8 36. Bd3 Rxe6 37. Bxf5+ Rg6 38. Kc2 Kg7 39. Bxg6 Kxg6 40. Rh1 g3
41. Kd3 Bb6 42. d7 Nf7 43. Rh3 Bc7 44. Ke2 Kf6 45. Kf1 Ke6 46. Rh7 Ne5 47. d8=Q
Bxd8 48. Rxb7 Bb6 49. Kg2 Bf2 50. b4 Nd3 51. Rxa7 Bxa7 52. Kxg3 Nxb4 53. Kf4
Nxa2 54. Ke4 Nb4 55. Kf4 Bd4 56. Ke4 Be5 57. Kf3 Kf5 58. Ke3 Bb2 59. Kf3 Bc1
60. Kg3 Bf4+ 61. Kf3 Nd3 62. Ke2 Ke4 63. Kd1 Ke3 64. Kc2 Bd6 65. Kc3 Ne5 66.
Kc2 Nd7 67. Kc3 Nb6 68. Kc2 Bb4 69. Kb3 Ba5 70. Kc2 Kd4 71. Kb2 Kd3 72. Kb3 Bc3
73. Ka3 Kc2 74. Ka2 Bb4 75. Ka1 Nc4 76. Ka2 Nd2 77. Ka1 Nb3+ 78. Ka2 Nc1+ 0-1

[Event "14th TCh-RUS w 2013"]
[Site "Loo RUS"]
[Date "2013.04.08"]
[Round "2"]
[White "Baraeva, Irina"]
[Black "Ambartsumova, Karina"]
[Result "0-1"]
[WhiteElo "2184"]
[BlackElo "2306"]
[PlyCount "112"]
[EventDate "2013.04.07"]
[WhiteTeam "Belorechensk"]
[BlackTeam "Ladya Kazan"]

1. Nf3 d5 2. c4 e6 3. g3 Nf6 4. Bg2 dxc4 5. Qa4+ c6 6. Qxc4 b5 7. Qc2 Bb7 8.
O-O Nbd7 9. d3 Be7 10. Nc3 a6 11. a4 O-O 12. b3 Qb6 13. Bb2 c5 14. Rac1 Rac8
15. Rfd1 Nb8 16. Ne5 Rfd8 17. Qb1 Bxg2 18. Kxg2 Bd6 19. Nf3 Nc6 20. Nd2 Bf8 21.
e3 Nb4 22. Nde4 Qb7 23. Kg1 Ng4 24. axb5 axb5 25. Ne2 Nxd3 26. Rxd3 Qxe4 27.
Rxd8 Qf3 28. Rxf8+ Rxf8 29. Rf1 Qxe2 30. Qa1 f6 31. h3 Nxf2 32. Rxf2 Qxe3 33.
Kg2 Qxb3 34. Qa6 Qd5+ 35. Kh2 b4 36. Qb6 Rc8 37. Qa6 Ra8 38. Qb5 Rc8 39. Rc2 b3
40. Re2 c4 41. Qa6 Qc6 42. Qxc6 Rxc6 43. Bc3 Rd6 44. Kg2 Rd3 45. Bb2 c3 46.
Bxc3 Rxc3 47. Rxe6 Kf7 48. Rb6 h5 49. Rb7+ Ke6 50. Rxg7 Kd5 51. Rf7 Rc6 52. Rb7
Kc4 53. Kf3 Kc3 54. Kf4 Kc2 55. Kf5 b2 56. Kg6 Rc3 0-1

[Event "14th TCh-RUS w 2013"]
[Site "Loo RUS"]
[Date "2013.04.08"]
[Round "2"]
[White "Gunina, Valentina"]
[Black "Iljushina, Olga"]
[Result "1-0"]
[WhiteElo "2510"]
[BlackElo "2325"]
[PlyCount "91"]
[EventDate "2013.04.07"]
[WhiteTeam "SHSM Nashe Nasledie Moskow"]
[BlackTeam "Economist Saratov"]

1. d4 Nf6 2. c4 e6 3. Nf3 d5 4. Nc3 Be7 5. Bg5 O-O 6. e3 h6 7. Bh4 Ne4 8. Bxe7
Qxe7 9. Rc1 Nxc3 10. Rxc3 c6 11. Qc2 Nd7 12. Bd3 dxc4 13. Bxc4 b6 14. Bd3 c5
15. O-O Bb7 16. Bh7+ Kh8 17. Be4 Bxe4 18. Qxe4 Nf6 19. Qc2 Nd5 20. Rc4 cxd4 21.
Nxd4 Qf6 22. Rc1 e5 23. Nf3 Rad8 24. h3 Rfe8 25. Rd1 Qe7 26. a3 b5 27. Rc6 Nb6
28. Rxd8 Qxd8 29. Rc5 e4 30. Ne5 Kg8 31. Rxb5 Qd6 32. Qxe4 Qd1+ 33. Kh2 Qe2 34.
Rc5 Qxf2 35. Qb7 Qf6 36. Qxa7 Nc8 37. Qd7 Nd6 38. Nxf7 Qxf7 39. Qxd6 Rxe3 40.
Qd5 Re6 41. Qf5 Qe8 42. Rc7 g6 43. Qd5 Kf8 44. Qd4 Re5 45. Qd6+ Kg8 46. Qf6 1-0

[Event "14th TCh-RUS w 2013"]
[Site "Loo RUS"]
[Date "2013.04.08"]
[Round "2"]
[White "Rjanova, Valery"]
[Black "Girya, Olga"]
[Result "0-1"]
[WhiteElo "2170"]
[BlackElo "2464"]
[PlyCount "96"]
[EventDate "2013.04.07"]
[WhiteTeam "Economist Saratov"]
[BlackTeam "SHSM Nashe Nasledie Moskow"]

1. e4 c6 2. d4 d5 3. Nd2 dxe4 4. Nxe4 Bf5 5. Ng3 Bg6 6. h4 h6 7. Nf3 Nd7 8. h5
Bh7 9. Bd3 Bxd3 10. Qxd3 e6 11. Bd2 Ngf6 12. O-O-O Be7 13. Kb1 O-O 14. Ne4 c5
15. Nxf6+ Bxf6 16. Be3 cxd4 17. Bxd4 Qc7 18. g4 Rad8 19. Qe3 Bxd4 20. Rxd4 Nb6
21. g5 Rxd4 22. Qxd4 Rc8 23. c3 Rd8 24. Qg4 Qc4 25. Nd4 Qd5 26. Rg1 Qxg5 27.
Qxg5 hxg5 28. Rxg5 Kh7 29. Rb5 Rd7 30. a4 Kh6 31. a5 Nc4 32. Nb3 a6 33. Rb4 Rc7
34. Kc2 Kxh5 35. Ra4 e5 36. Nc1 g5 37. b3 Nd6 38. Nd3 f6 39. c4 g4 40. Kd2 Rd7
41. Rb4 Kg5 42. Ke2 Ne4 43. Ke3 Kf5 44. Rb6 Rh7 45. b4 Rd7 46. b5 axb5 47. cxb5
Nc3 48. Nb4 Na4 0-1

[Event "14th TCh-RUS w 2013"]
[Site "Loo RUS"]
[Date "2013.04.10"]
[Round "3"]
[White "Iljushina, Olga"]
[Black "Bodnaruk, Anastasia"]
[Result "1-0"]
[WhiteElo "2325"]
[BlackElo "2443"]
[PlyCount "79"]
[EventDate "2013.04.07"]
[WhiteTeam "Economist Saratov"]
[BlackTeam "M.Chigorin Chess Club"]

1. d4 Nf6 2. c4 e6 3. Nf3 c5 4. g3 cxd4 5. Nxd4 Qc7 6. Nc3 a6 7. Bg2 Be7 8. O-O
d6 9. e4 Qxc4 10. Be3 Qc7 11. Rc1 Qd8 12. f4 Nbd7 13. g4 h5 14. h3 hxg4 15.
hxg4 g6 16. Bf3 e5 17. g5 Nh5 18. Nd5 exd4 19. Nc7+ Qxc7 20. Rxc7 dxe3 21. Qd4
O-O 22. Bxh5 gxh5 23. Qd1 Kg7 24. Qxh5 Rh8 25. Qd1 Bd8 26. Rc2 Bb6 27. Kg2 Nf8
28. f5 Bd7 29. Qxd6 Bd8 30. g6 fxg6 31. f6+ Kf7 32. Rc7 Rh2+ 33. Qxh2 Bxc7 34.
Qxc7 Re8 35. Qxb7 Re6 36. Rd1 e2 37. Rxd7+ Nxd7 38. Qxd7+ Kxf6 39. Qd4+ Kg5 40.
Qe3+ 1-0

[Event "14th TCh-RUS w 2013"]
[Site "Loo RUS"]
[Date "2013.04.10"]
[Round "3"]
[White "Mammadova, Gulnar"]
[Black "Tarasova, Viktoriya"]
[Result "1/2-1/2"]
[WhiteElo "2322"]
[BlackElo "2298"]
[PlyCount "100"]
[EventDate "2013.04.07"]
[WhiteTeam "M.Chigorin Chess Club"]
[BlackTeam "Economist Saratov"]

1. e4 e5 2. Nf3 Nc6 3. d4 exd4 4. Nxd4 Nf6 5. Nxc6 bxc6 6. e5 Qe7 7. Qe2 Nd5 8.
c4 Ba6 9. b3 g6 10. f4 d6 11. Qf3 Nb4 12. Qe2 Bg7 13. Bb2 O-O 14. a3 Nd5 15.
Qd2 Nb6 16. Be2 dxe5 17. fxe5 Bxe5 18. Qe3 Rfe8 19. Qxe5 Qxe5 20. Bxe5 Rxe5 21.
Nc3 Rae8 22. Kf2 Nd7 23. Rhd1 Nc5 24. b4 Na4 25. Nxa4 Rxe2+ 26. Kg1 Bxc4 27.
Nc3 Rc2 28. Rac1 Rxc1 29. Rxc1 Re3 30. Kf2 Rd3 31. Ne4 Bd5 32. Nf6+ Kf8 33.
Nxd5 cxd5 34. a4 Rd4 35. Rxc7 Rxb4 36. Rxa7 Kg7 37. Rd7 Rxa4 38. Rxd5 Kf6 39.
Rb5 h5 40. Rb7 g5 41. Rb6+ Kf5 42. Rb2 h4 43. h3 Kf4 44. Rc2 f5 45. Rb2 g4 46.
hxg4 fxg4 47. g3+ hxg3+ 48. Kg2 Rd4 49. Ra2 Rb4 50. Rc2 Rb3 1/2-1/2